000 00251pab a2200109 454500
008 180718b xxu||||| |||| 00| 0 eng d
100 _aSahoy, S
245 _aOver to CJ
650 _aJustice Administration of
773 _aHindustan Times
909 _a24124
999 _c24124
_d24124